Normal view
MARC view
- Parvez, Sajjād Ḥaidar,
Entry Personal Name
001 - CONTROL NUMBER
- control field: 4536
003 - CONTROL NUMBER IDENTIFIER
- control field: NUST
005 - DATE AND TIME OF LATEST TRANSACTION
- control field: 20170911132305.0
008 - FIXED-LENGTH DATA ELEMENTS
- fixed length control field: 170911|| aca||aabn | a|a d
040 ## - CATALOGING SOURCE
- Original cataloging agency: NUST
- Transcribing agency: NUST
100 ## - HEADING--PERSONAL NAME
- Personal name: Parvez, Sajjād Ḥaidar,
- Dates associated with a name: 1961-
670 ## - SOURCE DATA FOUND
- Source citation: Work cat.: (NUST)0: Parvez, Sajjād Ḥaidar, 1961-, Multānī :, 2007.
